|
|
|
|
| LEADER |
00000cam a2200000 i 4500 |
| 001 |
1/6698 |
| 008 |
100420s2008 gr | ||| |||| ||gre|| |
| 020 |
|
|
|a 9789601627496
|
| 035 |
|
|
|l 10107602
|
| 040 |
|
|
|a GR-MyUA
|b gre
|e AACR2
|
| 041 |
1 |
|
|a gre
|h fre
|
| 082 |
0 |
|
|a 320.011
|2 (22)
|
| 100 |
1 |
|
|a Badiou, Alain.
|
| 245 |
1 |
2 |
|a Η πολιτική και η λογική του συμβάντος :
|b μπορούμε να στοχαστούμε την πολιτική; /
|c Alain Badiou ; μετάφραση Δ. Βεργέτης, Τ. Μπέτζελος ; επίμετρο Δ. Βεργέτης.
|
| 260 |
|
|
|a Αθήνα :
|b Πατάκης,
|c 2008.
|
| 300 |
|
|
|a 165 σ. ;
|c 20 εκ.
|
| 490 |
1 |
|
|a (Αληthεια)
|
| 500 |
|
|
|a Μετάφραση απο τα γαλλικά
|
| 500 |
|
|
|a Τίτλος πρωτοτύπου: Peut-on penser la politique?
|
| 504 |
|
|
|a Περιέχει βιβλιογραφικές παραπομπές.
|
| 650 |
0 |
0 |
|a Political science
|x Philosophy.
|
| 650 |
0 |
0 |
|a Communist state.
|
| 700 |
1 |
|
|a Βεργέτης, Δημήτρης,
|e trl
|e oth
|
| 700 |
1 |
|
|a Μπέτζελος, Τάσος,
|e trl
|
| 830 |
|
0 |
|a Αληthεια
|
| 852 |
|
|
|a INST
|b LESVOS
|e 20100420
|h 320.011 BAD
|p 005100046897
|q 005100046897
|t BK
|y 0
|
| 901 |
|
|
|a BIBL1-2010-1
|
| 909 |
|
|
|a Λ
|b 163135
|
| 970 |
|
|
|a ΓΙΑΛΑΜΑ
|b ΜΑΡΙΑ
|z 2010/04/20
|